Các món ăn chay trị bệnh

Phân tích tác dụng của ăn chay đối với sức khoẻ và sự phát triển trí tuệ. Phương pháp ăn chay chống bệnh ung thư và kéo dài tuổi xuân, sắc đẹp. Cách chế biến một số món ăn chay trị bệnh: Các món ăn trị bệnh béo, ung thư, thận.....

Deskribapen osoa

Gorde:
Xehetasun bibliografikoak
Egile nagusia: Phan, Văn Chiêu
Formatua: Liburua
Hizkuntza:Undetermined
Argitaratua: Huế Thuận Hoá 2003
Gaiak:
Etiketak: Etiketa erantsi
Etiketarik gabe, Izan zaitez lehena erregistro honi etiketa jartzen!
Thư viện lưu trữ: Trung tâm Học liệu Trường Đại học Cần Thơ
LEADER 00902nam a2200205Ia 4500
001 CTU_95673
008 210402s9999 xx 000 0 und d
020 |c 11000 
082 |a 641.5636 
082 |b Ch309 
100 |a Phan, Văn Chiêu 
245 0 |a Các món ăn chay trị bệnh 
245 0 |c Phan Văn Chiêu, Thiếu Hải 
260 |a Huế 
260 |b Thuận Hoá 
260 |c 2003 
520 |a Phân tích tác dụng của ăn chay đối với sức khoẻ và sự phát triển trí tuệ. Phương pháp ăn chay chống bệnh ung thư và kéo dài tuổi xuân, sắc đẹp. Cách chế biến một số món ăn chay trị bệnh: Các món ăn trị bệnh béo, ung thư, thận.. 
650 |a Vegeterian cookery 
904 |i Năm 
980 |a Trung tâm Học liệu Trường Đại học Cần Thơ